Normal view
MARC view
Entry Personal Name
001 - CONTROL NUMBER
- control field: 12699
003 - CONTROL NUMBER IDENTIFIER
- control field: NUST
005 - DATE AND TIME OF LATEST TRANSACTION
- control field: 20181218050447.0
008 - FIXED-LENGTH DATA ELEMENTS
- fixed length control field: 181218|| aca||aabn | a|a d
040 ## - CATALOGING SOURCE
- Original cataloging agency: NUST
- Transcribing agency: NUST
100 ## - HEADING--PERSONAL NAME
- Personal name:
- General subdivision: Differential Equations
670 ## - SOURCE DATA FOUND
- Source citation: Work cat.: (NUST): Khalid Latif Mir 12698, An Introductory Course in Differential Equations With Applications , 2006
